Foods That Are White Quiz Stats

 Plays Quiz Updated Oct 3, 2018

Also try: Foods That Are Red
Challenge
Share
Tweet
Score 0/24 Timer 04:00
20 Plays Today
Column % Correct
White bread
98.8%
Vanilla ice cream
98.7%
Milk
98.6%
White rice
97.2%
Salt
97.1%
Coconut
96.7%
Mushrooms
96.5%
White cake
94.5%
White chocolate
93.9%
White sugar cubes
93.2%
Garlic
92.5%
Marshmallows
91.9%
Column % Correct
Cauliflower
89.6%
Porridge
83.6%
Tofu
82.7%
Tortillas
80.7%
Mashed potatoes
76.5%
Whipped cream
72.1%
Brie
65.3%
Cream cheese
62.9%
New England clam chowder
59.1%
Bean sprouts
50.4%
Parsnips
49.7%
Meringue
46.2%

You're not logged in!

Compare scores with friends on all Sporcle quizzes.
OR
Log In

You Might Also Like...

Show Comments

Extras

Top Quizzes Today


Score Distribution

Your Account Isn't Verified!

In order to create a playlist on Sporcle, you need to verify the email address you used during registration. Go to your Sporcle Settings to finish the process.

Report this User

Report this user for behavior that violates our Community Guidelines.

Details: